Communication skills for pharmacists: building relationships, improving patient care.-- 2nd ed. (Record no. 64028)

MARC details
000 -LEADER
fixed length control field 01517nam a2200241 a 4500
008 - FIXED-LENGTH DATA ELEMENTS--GENERAL INFORMATION
fixed length control field 110915s2005 ||||||||||||||||| || u
020 ## - INTERNATIONAL STANDARD BOOK NUMBER
International Standard Book Number 9781582120805
050 ## - LIBRARY OF CONGRESS CALL NUMBER
Classification number RS 56 Ber
100 ## - MAIN ENTRY--PERSONAL NAME
Personal name Berger, Bruce. A
245 10 - TITLE STATEMENT
Title Communication skills for pharmacists: building relationships, improving patient care.-- 2nd ed.
250 ## - EDITION STATEMENT
Edition statement 2nd ed.
260 ## - PUBLICATION, DISTRIBUTION, ETC.
Place of publication, distribution, etc. Washington, D. C.
Name of publisher, distributor, etc. Jobson Publishing
Date of publication, distribution, etc. 2005
300 ## - PHYSICAL DESCRIPTION
Extent viii, 212p.
350 ## -
-- 0.00
650 #0 - SUBJECT ADDED ENTRY--TOPICAL TERM
Topical term or geographic name entry element PHARMACY
650 ## - SUBJECT ADDED ENTRY--TOPICAL TERM
Topical term or geographic name entry element PHARMACIST AND PATIENT
650 ## - SUBJECT ADDED ENTRY--TOPICAL TERM
Topical term or geographic name entry element COMMUNICATION IN PHARMACY
995 ## -
-- MEDICAL LIBRARY OPEN ACCESS
-- 0.00
-- 901060
-- CBU-SCHOOL OF MEDICINE LIBRARY (Ndola)
-- 1
-- 0.00
-- RS 56 Ber
-- 3
-- AVAILABLE
-- Oct 11, 2011
-- 901060
-- Medical Library Open Access Collection
995 ## -
-- MEDICAL LIBRARY OPEN ACCESS
-- 0.00
-- 901062
-- CBU-SCHOOL OF MEDICINE LIBRARY (Ndola)
-- 1
-- 0.00
-- RS 56 Ber
-- 5
-- AVAILABLE
-- Oct 11, 2011
-- 901062
-- Medical Library Open Access Collection
995 ## -
-- MEDICAL LIBRARY OPEN ACCESS
-- 0.00
-- 901061
-- CBU-SCHOOL OF MEDICINE LIBRARY (Ndola)
-- 1
-- 0.00
-- RS 56 Ber
-- 4
-- AVAILABLE
-- Oct 11, 2011
-- 901061
-- Medical Library Open Access Collection
995 ## -
-- MEDICAL LIBRARY OPEN ACCESS
-- 0.00
-- 901059
-- CBU-SCHOOL OF MEDICINE LIBRARY (Ndola)
-- 1
-- 0.00
-- RS 56 Ber
-- 2
-- AVAILABLE
-- Oct 11, 2011
-- 901059
-- Medical Library Open Access Collection
995 ## -
-- MEDICAL LIBRARY OPEN ACCESS
-- 0.00
-- 901058
-- CBU-SCHOOL OF MEDICINE LIBRARY (Ndola)
-- 1
-- 0.00
-- RS 56 Ber
-- 1
-- AVAILABLE
-- Oct 11, 2011
-- 901058
-- Medical Library Open Access Collection
999 ## -
-- 64028
-- 64028
Holdings
Withdrawn status Lost status Source of classification or shelving scheme Damaged status Not for loan Permanent Location Current Location Shelving location Date acquired Total Checkouts Full call number Barcode Date last seen Copy number Price effective from Koha item type
          CBU-SCHOOL OF MEDICINE LIBRARY, NDOLA. CBU-SCHOOL OF MEDICINE LIBRARY, NDOLA.   02/01/2023   RS 56 Ber 901060 02/01/2023 1 02/01/2023 MONOGRAPH
          CBU-SCHOOL OF MEDICINE LIBRARY, NDOLA. CBU-SCHOOL OF MEDICINE LIBRARY, NDOLA.   02/01/2023   RS 56 Ber 901062 02/01/2023 2 02/01/2023 MONOGRAPH
          CBU-SCHOOL OF MEDICINE LIBRARY, NDOLA. CBU-SCHOOL OF MEDICINE LIBRARY, NDOLA.   02/01/2023   RS 56 Ber 901061 02/01/2023 3 02/01/2023 MONOGRAPH
          CBU-SCHOOL OF MEDICINE LIBRARY, NDOLA. CBU-SCHOOL OF MEDICINE LIBRARY, NDOLA.   02/01/2023   RS 56 Ber 901059 02/01/2023 4 02/01/2023 MONOGRAPH
          CBU-SCHOOL OF MEDICINE LIBRARY, NDOLA. CBU-SCHOOL OF MEDICINE LIBRARY, NDOLA.   02/01/2023   RS 56 Ber 901058 02/01/2023 5 02/01/2023 MONOGRAPH